Which country/place is your favorite? (UPDATED) - Statistics

General Stats
  • This quiz has been taken 762 times
    407 since last reset
  • The average score is 37 of 207
Answer Stats
Question Tile Select % Correct
favorite places in Oceania New Zealand Yes
70%
favorite places in Oceania Australia Yes
68%
favorite places in North America Canada Yes
67%
favorite places in North America United States Yes
65%
favorite places in South America Brazil Yes
64%
favorite places in Asia/Indian Ocean Japan Yes
63%
favorite places in South America Argentina Yes
59%
favorite places in Northern Africa Egypt Yes
58%
favorite places in Southern Africa South Africa Yes
55%
favorite places in Northern Africa Morocco Yes
52%
favorite places in South America Chile Yes
51%
favorite places in Eastern Europe Greece Yes
50%
favorite places in South America Peru Yes
49%
favorite places in Oceania Fiji Yes
47%
favorite places in North America Mexico Yes
47%
favorite places in Western Europe Italy Yes
43%
favorite places in Asia/Indian Ocean South Korea Yes
43%
favorite places in Southern Africa Kenya Yes
39%
favorite places in Western Europe Spain Yes
39%
favorite places in Eastern Europe Finland Yes
38%
favorite places in Western Europe Germany Yes
38%
favorite places in Eastern Europe Poland Yes
38%
favorite places in Western Europe France Yes
35%
favorite places in Western Europe Switzerland Yes
34%
favorite places in Northern Africa Tunisia Yes
34%
favorite places in Western Europe United Kingdom Yes
34%
favorite places in the Middle East Georgia Yes
33%
favorite places in Eastern Europe Turkey Yes
33%
favorite places in the Middle East United Arab Emirates Yes
33%
favorite places in Asia/Indian Ocean China Yes
32%
favorite places in South America Colombia Yes
32%
favorite places in North America Greenland Yes
32%
favorite places in Asia/Indian Ocean Thailand Yes
32%
favorite places in Southern Africa Tanzania Yes
30%
favorite places in Northern Africa Algeria Yes
29%
favorite places in North America Bahamas Yes
28%
favorite places in Asia/Indian Ocean Singapore Yes
28%
favorite places in Western Europe Norway Yes
27%
favorite places in Eastern Europe Russia Yes
27%
favorite places in the Middle East Saudi Arabia Yes
27%
favorite places in North America Costa Rica Yes
26%
favorite places in Eastern Europe Czech Republic Yes
26%
favorite places in the Middle East Kazakhstan Yes
26%
favorite places in Northern Africa Nigeria Yes
26%
favorite places in the Middle East Qatar Yes
26%
favorite places in Western Europe Ireland Yes
25%
favorite places in South America Uruguay Yes
25%
favorite places in North America Cuba Yes
24%
favorite places in Southern Africa Ethiopia Yes
24%
favorite places in Western Europe Netherlands Yes
24%
favorite places in Eastern Europe Croatia Yes
23%
favorite places in Oceania Papua New Guinea Yes
23%
favorite places in Southern Africa Botswana Yes
22%
favorite places in Northern Africa Cape Verde Yes
22%
favorite places in Asia/Indian Ocean Indonesia Yes
22%
favorite places in the Middle East Israel Yes
22%
favorite places in North America Jamaica Yes
22%
favorite places in Western Europe Portugal Yes
22%
favorite places in Western Europe Sweden Yes
22%
favorite places in Asia/Indian Ocean Vietnam Yes
22%
favorite places in the Middle East Armenia Yes
21%
favorite places in Western Europe Austria Yes
21%
favorite places in Asia/Indian Ocean Taiwan Yes
21%
favorite places in Western Europe Iceland Yes
20%
favorite places in Asia/Indian Ocean India Yes
20%
favorite places in Southern Africa Namibia Yes
20%
favorite places in Asia/Indian Ocean Philippines Yes
20%
favorite places in the Middle East Iran Yes
19%
favorite places in the Middle East Lebanon Yes
19%
favorite places in Oceania Palau Yes
19%
favorite places in Eastern Europe Estonia Yes
18%
favorite places in Eastern Europe Hungary Yes
18%
favorite places in North America Puerto Rico Yes
18%
favorite places in Oceania Samoa Yes
18%
favorite places in Western Europe Denmark Yes
17%
favorite places in the Middle East Oman Yes
17%
favorite places in South America Ecuador Yes
16%
favorite places in Oceania French Polynesia Yes
16%
favorite places in Oceania Micronesia Yes
16%
favorite places in Asia/Indian Ocean Mongolia Yes
16%
favorite places in the Middle East Palestine Yes
16%
favorite places in North America Panama Yes
16%
favorite places in Northern Africa Senegal Yes
16%
favorite places in South America Venezuela Yes
16%
favorite places in Southern Africa Angola Yes
15%
favorite places in North America Dominican Republic Yes
15%
favorite places in Northern Africa Ghana Yes
15%
favorite places in Northern Africa Ivory Coast Yes
15%
favorite places in the Middle East Azerbaijan Yes
14%
favorite places in Western Europe Belgium Yes
14%
favorite places in South America Bolivia Yes
14%
favorite places in Eastern Europe Cyprus Yes
14%
favorite places in Eastern Europe Slovenia Yes
14%
favorite places in Eastern Europe Ukraine Yes
14%
favorite places in the Middle East Uzbekistan Yes
14%
favorite places in Southern Africa Democratic Republic of the Congo Yes
13%
favorite places in Oceania Kiribati Yes
13%
favorite places in Northern Africa Libya Yes
13%
favorite places in Asia/Indian Ocean Maldives Yes
13%
favorite places in Eastern Europe Romania Yes
13%
favorite places in Oceania Solomon Islands Yes
13%
favorite places in North America St. Lucia Yes
13%
favorite places in Eastern Europe Albania Yes
12%
favorite places in North America Barbados Yes
12%
favorite places in Eastern Europe Bosnia and Herzegovina Yes
12%
favorite places in South America Falkland Islands Yes
12%
favorite places in the Middle East Kyrgyzstan Yes
12%
favorite places in Southern Africa Mozambique Yes
12%
favorite places in Asia/Indian Ocean Nepal Yes
12%
favorite places in Southern Africa Rwanda Yes
12%
favorite places in Oceania Tonga Yes
12%
favorite places in Southern Africa Uganda Yes
12%
favorite places in Southern Africa Zimbabwe Yes
12%
favorite places in South America Aruba Yes
11%
favorite places in Southern Africa Cameroon Yes
11%
favorite places in Northern Africa Chad Yes
11%
favorite places in the Middle East Kuwait Yes
11%
favorite places in Eastern Europe Lithuania Yes
11%
favorite places in Asia/Indian Ocean Malaysia Yes
11%
favorite places in Oceania Nauru Yes
11%
favorite places in Oceania New Caledonia Yes
11%
favorite places in Eastern Europe Serbia Yes
11%
favorite places in Eastern Europe Slovakia Yes
11%
favorite places in Oceania Tuvalu Yes
11%
favorite places in Eastern Europe Bulgaria Yes
10%
favorite places in the Middle East Iraq Yes
10%
favorite places in Oceania Marshall Islands Yes
10%
favorite places in the Middle East Pakistan Yes
10%
favorite places in South America Suriname Yes
10%
favorite places in the Middle East Bahrain Yes
9%
favorite places in Asia/Indian Ocean Bhutan Yes
9%
favorite places in Asia/Indian Ocean Cambodia Yes
9%
favorite places in South America Curacao Yes
9%
favorite places in Eastern Europe Kosovo Yes
9%
favorite places in Eastern Europe Latvia Yes
9%
favorite places in Southern Africa Lesotho Yes
9%
favorite places in Northern Africa Liberia Yes
9%
favorite places in Asia/Indian Ocean Madagascar Yes
9%
favorite places in Eastern Europe Montenegro Yes
9%
favorite places in South America Paraguay Yes
9%
favorite places in Asia/Indian Ocean Seychelles Yes
9%
favorite places in Northern Africa Sudan Yes
9%
favorite places in the Middle East Syria Yes
9%
favorite places in Southern Africa Zambia Yes
9%
favorite places in Northern Africa Djibouti Yes
8%
favorite places in North America El Salvador Yes
8%
favorite places in Southern Africa Equatorial Guinea Yes
8%
favorite places in the Middle East Kurdistan Yes
8%
favorite places in Western Europe Luxembourg Yes
8%
favorite places in Western Europe Malta Yes
8%
favorite places in Western Europe Monaco Yes
8%
favorite places in Southern Africa Sao Tome and Principe Yes
8%
favorite places in Northern Africa Sierra Leone Yes
8%
favorite places in Southern Africa Somalia Yes
8%
favorite places in Southern Africa South Sudan Yes
8%
favorite places in Asia/Indian Ocean Sri Lanka Yes
8%
favorite places in Oceania Vanuatu Yes
8%
favorite places in the Middle East Afghanistan Yes
7%
favorite places in South America French Guiana Yes
7%
favorite places in Southern Africa Gabon Yes
7%
favorite places in North America Guatemala Yes
7%
favorite places in South America Guyana Yes
7%
favorite places in Western Europe Liechtenstein Yes
7%
favorite places in Northern Africa Mauritania Yes
7%
favorite places in Northern Africa Niger Yes
7%
favorite places in Asia/Indian Ocean North Korea Yes
7%
favorite places in Southern Africa Republic of the Congo Yes
7%
favorite places in the Middle East Turkmenistan Yes
7%
favorite places in Western Europe Vatican City Yes
7%
favorite places in North America Antigua and Barbuda Yes
6%
favorite places in Southern Africa Central African Republic Yes
6%
favorite places in North America Dominica Yes
6%
favorite places in Southern Africa Eswatini Yes
6%
favorite places in Western Europe Faroe Islands Yes
6%
favorite places in North America Honduras Yes
6%
favorite places in Northern Africa Mali Yes
6%
favorite places in Asia/Indian Ocean Mauritius Yes
6%
favorite places in North America Nicaragua Yes
6%
favorite places in North America Saint Kitts and Nevis Yes
6%
favorite places in North America Saint Vincent and the Grenadines Yes
6%
favorite places in North America Trinidad and Tobago Yes
6%
favorite places in the Middle East Yemen Yes
6%
favorite places in Western Europe Andorra Yes
5%
favorite places in Eastern Europe Belarus Yes
5%
favorite places in North America Belize Yes
5%
favorite places in Northern Africa Burkina Faso Yes
5%
favorite places in Northern Africa Eritrea Yes
5%
favorite places in Northern Africa Gambia Yes
5%
favorite places in North America Haiti Yes
5%
favorite places in Western Europe Isle of Man Yes
5%
favorite places in the Middle East Kashmir Yes
5%
favorite places in Asia/Indian Ocean Laos Yes
5%
favorite places in Southern Africa Malawi Yes
5%
favorite places in Eastern Europe North Macedonia Yes
5%
favorite places in the Middle East Tajikistan Yes
5%
favorite places in Northern Africa Togo Yes
5%
favorite places in Asia/Indian Ocean Bangladesh Yes
4%
favorite places in Northern Africa Benin Yes
4%
favorite places in Asia/Indian Ocean Brunei Yes
4%
favorite places in Eastern Europe Moldova Yes
4%
favorite places in Western Europe San Marino Yes
4%
favorite places in Southern Africa Burundi Yes
3%
favorite places in Asia/Indian Ocean Comoros Yes
3%
favorite places in North America Grenada Yes
3%
favorite places in Northern Africa Guinea Yes
3%
favorite places in Northern Africa Guinea-Bissau Yes
2%
favorite places in Western Europe Jersey Yes
2%
No matching quizzes found
Score Distribution
Percent of People with Each Score
Percentile by Number Answered
Your Score History
You have not taken this quiz since the last reset